<?xml version="1.0" encoding="UTF-8"?>
<collection xmlns="http://www.loc.gov/MARC21/slim">
    <record>
        <controlfield tag="001">13722</controlfield>
        <controlfield tag="005">20150908143357.0</controlfield>
        <datafield tag="037" ind1=" " ind2=" ">
            <subfield code="a">BOUZ-2013-032</subfield>
        </datafield>
        <datafield tag="040" ind1=" " ind2=" ">
            <subfield code="a">Secretaría General</subfield>
        </datafield>
        <datafield tag="222" ind1=" " ind2=" ">
            <subfield code="a">Boletín Oficial de la Universidad de Zaragoza</subfield>
        </datafield>
        <datafield tag="245" ind1=" " ind2=" ">
            <subfield code="a">BOUZ 31 (12 ener 05)</subfield>
        </datafield>
        <datafield tag="260" ind1=" " ind2=" ">
            <subfield code="a">Zaragoza</subfield>
            <subfield code="b">Secretaría General de la Universidad de Zaragoza</subfield>
            <subfield code="c">2005</subfield>
        </datafield>
        <datafield tag="310" ind1=" " ind2=" ">
            <subfield code="a">Irregular</subfield>
        </datafield>
        <datafield tag="362" ind1="0" ind2=" ">
            <subfield code="a">2001-</subfield>
        </datafield>
        <datafield tag="505" ind1="0" ind2=" ">
            <subfield code="a">Disposiciones Generales</subfield>
        </datafield>
        <datafield tag="505" ind1="0" ind2=" ">
            <subfield code="a">• Corrección de errores en BOUZ 28 ........................................ 174</subfield>
        </datafield>
        <datafield tag="505" ind1="0" ind2=" ">
            <subfield code="a">I.1 Claustro</subfield>
        </datafield>
        <datafield tag="505" ind1="0" ind2=" ">
            <subfield code="a">• Reglamento de organización y funcionamiento del Defensor</subfield>
        </datafield>
        <datafield tag="505" ind1="0" ind2=" ">
            <subfield code="a">Universitario elaborado por el Consejo de Gobierno ............. 177</subfield>
        </datafield>
        <datafield tag="505" ind1="0" ind2=" ">
            <subfield code="a">• Reglamento de elección del Defensor Universitario .............. 180</subfield>
        </datafield>
        <datafield tag="505" ind1="0" ind2=" ">
            <subfield code="a">I.2 Consejo Social</subfield>
        </datafield>
        <datafield tag="505" ind1="0" ind2=" ">
            <subfield code="a">• Expediente modificación presupuestaria UZ 1B/2004 ........... 180</subfield>
        </datafield>
        <datafield tag="505" ind1="0" ind2=" ">
            <subfield code="a">• Condiciones retributivas entre representantes del personal de</subfield>
        </datafield>
        <datafield tag="505" ind1="0" ind2=" ">
            <subfield code="a">administración y servicios y la gerencia de la Universidad ... 181</subfield>
        </datafield>
        <datafield tag="505" ind1="0" ind2=" ">
            <subfield code="a">• Ampliación de Escalas Propias del Personal de Administración</subfield>
        </datafield>
        <datafield tag="505" ind1="0" ind2=" ">
            <subfield code="a">y Servicios................................................................... 182</subfield>
        </datafield>
        <datafield tag="505" ind1="0" ind2=" ">
            <subfield code="a">• Autorización para impartir en el curso 2004-2005 los</subfield>
        </datafield>
        <datafield tag="505" ind1="0" ind2=" ">
            <subfield code="a">Estudios Propios que superan el número mínimo de alumnos</subfield>
        </datafield>
        <datafield tag="505" ind1="0" ind2=" ">
            <subfield code="a">preinscritos .............................................................................. 183</subfield>
        </datafield>
        <datafield tag="505" ind1="0" ind2=" ">
            <subfield code="a">• Propuesta al Gobierno de Aragón de la adscripción a la UZ</subfield>
        </datafield>
        <datafield tag="505" ind1="0" ind2=" ">
            <subfield code="a">del Zaragoza Logistic Center como Instituto de Investigación .. 184</subfield>
        </datafield>
        <datafield tag="505" ind1="0" ind2=" ">
            <subfield code="a">• Autorización de impartición, modificaciones presupuestarias,</subfield>
        </datafield>
        <datafield tag="505" ind1="0" ind2=" ">
            <subfield code="a">ampliación de plazo de inscripción, autorización de</subfield>
        </datafield>
        <datafield tag="505" ind1="0" ind2=" ">
            <subfield code="a">módulos sueltos y situación de los Estudios Propios ofertados</subfield>
        </datafield>
        <datafield tag="505" ind1="0" ind2=" ">
            <subfield code="a">para el curso 2004-2005. .................................................. 184</subfield>
        </datafield>
        <datafield tag="505" ind1="0" ind2=" ">
            <subfield code="a">• Revisión de la oferta académica de la Universidad de Zaragoza</subfield>
        </datafield>
        <datafield tag="505" ind1="0" ind2=" ">
            <subfield code="a">......................................................................................... 185</subfield>
        </datafield>
        <datafield tag="505" ind1="0" ind2=" ">
            <subfield code="a">I.3 Consejo de Gobierno</subfield>
        </datafield>
        <datafield tag="505" ind1="0" ind2=" ">
            <subfield code="a">• Informe sobre el proyecto de revisión de la oferta académica</subfield>
        </datafield>
        <datafield tag="505" ind1="0" ind2=" ">
            <subfield code="a">y la propuesta de nuevas titulaciones...................................... 187</subfield>
        </datafield>
        <datafield tag="505" ind1="0" ind2=" ">
            <subfield code="a">• Reglamento de Régimen Interno del Laboratorio de Investigación</subfield>
        </datafield>
        <datafield tag="505" ind1="0" ind2=" ">
            <subfield code="a">en Tecnologías de la Combustión (LITEC) .................... 189</subfield>
        </datafield>
        <datafield tag="505" ind1="0" ind2=" ">
            <subfield code="a">BOUZ 31</subfield>
        </datafield>
        <datafield tag="505" ind1="0" ind2=" ">
            <subfield code="a">12 de enero de 2005</subfield>
        </datafield>
        <datafield tag="505" ind1="0" ind2=" ">
            <subfield code="a">Boletín Oficial de la Universidad de Zaragoza</subfield>
        </datafield>
        <datafield tag="505" ind1="0" ind2=" ">
            <subfield code="a">• Reglamento del Consejo de Gobierno .................................... 193</subfield>
        </datafield>
        <datafield tag="505" ind1="0" ind2=" ">
            <subfield code="a">• Normas provisionales de elección y funcionamiento del Consejo</subfield>
        </datafield>
        <datafield tag="505" ind1="0" ind2=" ">
            <subfield code="a">de Estudiantes de la Universidad y de los Consejos de</subfield>
        </datafield>
        <datafield tag="505" ind1="0" ind2=" ">
            <subfield code="a">Estudiantes de Centro.............................................................. 199</subfield>
        </datafield>
        <datafield tag="505" ind1="0" ind2=" ">
            <subfield code="a">• Transformación de un contrato de personal docente e investigador......................................................................................</subfield>
        </datafield>
        <datafield tag="505" ind1="0" ind2=" ">
            <subfield code="a">201</subfield>
        </datafield>
        <datafield tag="505" ind1="0" ind2=" ">
            <subfield code="a">• Modificación de la regulación de programas para la mejora</subfield>
        </datafield>
        <datafield tag="505" ind1="0" ind2=" ">
            <subfield code="a">de la estructura de profesorado ............................................... 201</subfield>
        </datafield>
        <datafield tag="505" ind1="0" ind2=" ">
            <subfield code="a">• Propuesta de número de plazas a dotar en la convocatoria del</subfield>
        </datafield>
        <datafield tag="505" ind1="0" ind2=" ">
            <subfield code="a">curso 2004-2005 para los programas por estructura de plantilla</subfield>
        </datafield>
        <datafield tag="505" ind1="0" ind2=" ">
            <subfield code="a">y por méritos excepcionales ............................................ 203</subfield>
        </datafield>
        <datafield tag="505" ind1="0" ind2=" ">
            <subfield code="a">• Admisión a trámite de la propuesta de modificación del</subfield>
        </datafield>
        <datafield tag="505" ind1="0" ind2=" ">
            <subfield code="a">Departamento de Química Orgánica y Química Física .......... 203</subfield>
        </datafield>
        <datafield tag="505" ind1="0" ind2=" ">
            <subfield code="a">• Nombramiento Director del Estudio Propio, Diploma de</subfield>
        </datafield>
        <datafield tag="505" ind1="0" ind2=" ">
            <subfield code="a">Especialziación en Recursos Técnicos y Humanos para el</subfield>
        </datafield>
        <datafield tag="505" ind1="0" ind2=" ">
            <subfield code="a">Desarrollo de la Comunicación en la Empresa Turística........ 204</subfield>
        </datafield>
        <datafield tag="505" ind1="0" ind2=" ">
            <subfield code="a">I.4 Rector</subfield>
        </datafield>
        <datafield tag="505" ind1="0" ind2=" ">
            <subfield code="a">• Elección del Defensor Universitario ....................................... 204</subfield>
        </datafield>
        <datafield tag="505" ind1="0" ind2=" ">
            <subfield code="a">• Delegación Presidencia Comisión de Docencia .................... 204</subfield>
        </datafield>
        <datafield tag="505" ind1="0" ind2=" ">
            <subfield code="a">• Comités Programa de Evaluación Institucional...................... 204</subfield>
        </datafield>
        <datafield tag="505" ind1="0" ind2=" ">
            <subfield code="a">II. Nombramientos</subfield>
        </datafield>
        <datafield tag="505" ind1="0" ind2=" ">
            <subfield code="a">• Directores de área.................................................................... 205</subfield>
        </datafield>
        <datafield tag="505" ind1="0" ind2=" ">
            <subfield code="a">• Directores de centro ................................................................ 205</subfield>
        </datafield>
        <datafield tag="505" ind1="0" ind2=" ">
            <subfield code="a">• Directores de departamento ................................................... 205</subfield>
        </datafield>
        <datafield tag="505" ind1="0" ind2=" ">
            <subfield code="a">• Subdirectores y secretarios de centro...................................... 205</subfield>
        </datafield>
        <datafield tag="505" ind1="0" ind2=" ">
            <subfield code="a">• Subdirectores y secretarios de departamento.......................... 206</subfield>
        </datafield>
        <datafield tag="505" ind1="0" ind2=" ">
            <subfield code="a">• Otros nombramientos .............................................................. 206</subfield>
        </datafield>
        <datafield tag="505" ind1="0" ind2=" ">
            <subfield code="a">• Ceses de cargos académicos ................................................... 206</subfield>
        </datafield>
        <datafield tag="505" ind1="0" ind2=" ">
            <subfield code="a">IV. Información de lo publicado en otros boletines</subfield>
        </datafield>
        <datafield tag="505" ind1="0" ind2=" ">
            <subfield code="a">• Publicado en el BOE............................................................... 206</subfield>
        </datafield>
        <datafield tag="505" ind1="0" ind2=" ">
            <subfield code="a">• Publicado en el BOA .............................................................. 207</subfield>
        </datafield>
        <datafield tag="530" ind1=" " ind2=" ">
            <subfield code="a">Versión electrónica</subfield>
        </datafield>
        <datafield tag="540" ind1=" " ind2=" ">
            <subfield code="a">Todos los derechos reservados</subfield>
            <subfield code="a">http://www.europeana.eu/rights/rr-f/</subfield>
        </datafield>
        <datafield tag="710" ind1="2" ind2=" ">
            <subfield code="a">Universidad de Zaragoza</subfield>
            <subfield code="b">Secretaría General</subfield>
        </datafield>
        <datafield tag="856" ind1="4" ind2=" ">
            <subfield code="s">1582055</subfield>
            <subfield code="u">http://zaguan.unizar.es/record/13722/files/BOUZ_31_2005.pdf</subfield>
            <subfield code="y">BOUZ 31 (12 ener 05)</subfield>
        </datafield>
        <datafield tag="856" ind1="4" ind2=" ">
            <subfield code="s">664304</subfield>
            <subfield code="u">http://zaguan.unizar.es/record/13722/files/BOUZ_31_2005.jpg?subformat=icon</subfield>
            <subfield code="x">icon</subfield>
            <subfield code="y">BOUZ 31 (12 ener 05)</subfield>
        </datafield>
        <datafield tag="980" ind1=" " ind2=" ">
            <subfield code="a">BOUZ</subfield>
        </datafield>
    </record>

    
</collection>